| 000 | 00486nam a2200181Ia 4500 | ||
|---|---|---|---|
| 001 | 9657 | ||
| 005 | 20260306161734.0 | ||
| 008 | 260306t2012||||xx |||||||||||||| ||spa|| | ||
| 041 | _aESP | ||
| 082 |
_a388.1 _bC14E |
||
| 100 |
_aCáceres Angulo, Luis Ernesto, _eAUT |
||
| 245 | 0 |
_aEje multimodal Amazonas Norte : _bmás que una carretera, un camino al desarrollo |
|
| 260 | _c2012 | ||
| 300 |
_a169 páginas : _c21 cm. |
||
| 650 | _aGEN | ||
| 654 | _aCAN | ||
| 942 |
_cLIB _dJUS _fJUS _2ddc _n |
||
| 999 |
_c9657 _d9657 |
||